Послание към възлюбените на Бога (Запис номер 392264)
[ съкратено ]
| 000 -Лидер | |
|---|---|
| Лидер | 01914nam a2200301 a 4500 |
| 003 - Код на организацията, давaща контролен номер | |
| Код на организацията, даваща контролен номер | BLK |
| 005 - Дата и час на последна редакция | |
| Дата и час на последна редакция | 20240405005730.0 |
| 008 - Елементи от данни с фиксирана дължина | |
| Елементи с фиксирана дължина | 201211b bu |||||r|||| 00| | bu d |
| 020 ## - Международен стандартен номер на книга ISBN | |
| ISBN | 9786197449525 |
| 040 ## - Източник на каталожния запис | |
| Код на библиотеката | BLK |
| 041 ## - Код за език | |
| Език | Български |
| Език за КДБФ | Български |
| 080 ## - УДК | |
| УДК текст | Философски мистицизъм. Ранни езотерични школи. Кабала. Теософия. Антропософия. Суфизъм. Еклектизъм. Синкретизъм. Херметизъм. Розенкройцерство. Др. школи |
| УДК код | 141.33 |
| УДК – код + определител | 141.33 |
| 084 ## - Класификационен индекс по друга класификация | |
| Авторски знак | Дъ - Д 95 |
| 100 ## - Редна дума - Автор | |
| Автор | Дънов, Петър Константинов |
| Звания и думи, свързани с автора | Беинса Дуно ; Учителя Беинса Дуно |
| Години, свързани с автора | 1864-1944 |
| Биография на автора | Философ, създава Школата на Всемирното Бяло братство в България |
| R(LIN) | 363384 |
| 245 ## - Сведения за заглавието | |
| Заглавие | Послание към възлюбените на Бога |
| Подзаглавни данни | Из словото на Учителя Петър Дънов |
| Авторска отговорност | Петър Дънов ; предг. Елеазар Хараш |
| 257 ## - Страна на издаване | |
| Страна на създаване/издаване | България |
| 260 ## - Област на издателските данни | |
| 9 (RLIN) | 391418 |
| Място на издаване | Варна |
| Име на издателя | Светът на книгите |
| Година на издаване | 2020 |
| 300 ## - Физическа характеристика | |
| Брой страници | 192 с. |
| Размер | 17 см |
| 380 ## - Жанр | |
| Жанр | Философия |
| 500 ## - Общи забележки | |
| Обща забележка | Учителят - духовно име на Петър Константинов Дънов;<br/>Елеазар Хараш - псевд. на авт. на доп. материал Петко Йорданов Йорданов;<br/>Кн. 2 от поредицата "Пътуване към Сърцето на Бога". |
| 650 #7 - Допълнително описание по предмет – тема | |
| 9 (RLIN) | 153927 |
| Предметна рубрика | Дъновизъм |
| 700 1# - Други автори (авторска отговорност) | |
| Друг автор | Хараш, Елеазар |
| Пълното име на др. автор | Йорданов, Петко Йорданов |
| Друга информация | Писател и издател, езотерика |
| Авт. отговорност на др. автор | предг. |
| 9 (RLIN) | 136203 |
| 852 ## - Местоположение | |
| Сигнатура (форматна) | Цб І 40290 |
| Отдел | Хранилище |
| 852 ## - Местоположение | |
| Отдел | Заемна - подръчен фонд |
| Систематично-азбучна сигнатура | 14/Д 95 |
| 942 ## - АРТИКУЛИ | |
| Вид на библиотечния документ | Книги |
| Скрит в OPAC | Не |
| Периодичен библиозапис | Да |
| 944 ## - СЪЗДАВАНЕ И РЕДАКЦИЯ на ЗАПИСА | |
| Създаване/Редакция | Създаване |
| Служител, извършил регистрацията/редакцията | |
| Номер на служител | CRON CRON |
| Дата на регистрацията/редакция | 2024-04-04 |
| 999 ## - СИСТЕМНИ КОНТРОЛНИ НОМЕРА | |
| Koha biblionumber | 392264 |
| Koha biblioitemnumber | 392264 |
| Код за отписване | Код за изгубен артикул | Източник на класификационната схема | Код за повреда | Код за отдаване | Артикулен № | Име на библиотеката - собственик | Име на библиотеката, в която се намира в момента | Статус (Текущо местоположение) | Дата на вписване в системата | Местоположение - отдел | Цена в лева | Систематично азбучна сигнатура | Баркод | Цена в евро | Служебен тип на артикула | Инвентарен номер |
|---|---|---|---|---|---|---|---|---|---|---|---|---|---|---|---|---|
| Не е изгубен | Universal Decimal Classification | Не е повреден | ползва се в читалня | 813769 | Регионална библиотека "Любен Каравелов" Русе | Регионална библиотека "Любен Каравелов" Русе | Хранилище | 2021-03-01 | Хранилище | 11.00 | Цб І 40290 | 120000851132 | 5.62 | Книги | ||
| Не е изгубен | Universal Decimal Classification | Не е повреден | заемане за дома | 942084 | Регионална библиотека "Любен Каравелов" Русе | Регионална библиотека "Любен Каравелов" Русе | Заемна - подръчен фонд | 2024-04-05 | Заемна - подръчен фонд | 11.00 | 14/Д 95 П | 120000901061 | 5.62 | Книги | 120000901061 |